[Event "?"]
[Site "?"]
[Date "2016.08.14"]
[Round "5.23"]
[White "Seidel, Florian"]
[Black "Lobe, Sandra"]
[Result "0-1"]
[WhiteElo "1803"]
[BlackElo "1912"]
[PlyCount "52"]
[EventDate "2016.??.??"]
[WhiteTeam "SK Köln-Worringen"]
[BlackTeam "SK Kerpen"]

1. e4 d6 2. d4 Nf6 3. Nc3 g6 4. Be3 Bg7 5. Qd2 O-O 6. f3 e5 7. Nge2 Na6 8.
O-O-O Qe7 9. Bh6 c5 10. Bxg7 Kxg7 11. d5 Nc7 12. g4 b5 13. Ng3 Ba6 14. g5 Nd7
15. h4 c4 16. h5 b4 17. hxg6 fxg6 18. Nce2 Rxf3 19. Bh3 c3 20. Qe1 Qxg5+ 21.
Kb1 Bxe2 22. Nxe2 Nc5 23. Rg1 Qe3 24. Bg2 Rf2 25. Nc1 Qxe1 26. Rdxe1 Nb5 0-1

[Event "?"]
[Site "?"]
[Date "2016.08.14"]
[Round "5.24"]
[White "Hajek, Florian"]
[Black "Rokitta, Uwe"]
[Result "1/2-1/2"]
[WhiteElo "1815"]
[BlackElo "1908"]
[PlyCount "81"]
[EventDate "2016.??.??"]
[WhiteTeam "Pulheimer SC"]
[BlackTeam "SF Lohmar"]

1. e4 c5 2. Nf3 Nc6 3. d4 cxd4 4. Nxd4 g6 5. Nc3 Bg7 6. Nxc6 bxc6 7. Bc4 Qc7 8.
O-O Nf6 9. Re1 d6 10. f3 O-O 11. Be3 Bb7 12. Kh1 Rfd8 13. Bd3 d5 14. exd5 cxd5
15. Qe2 e5 16. Bg5 Re8 17. Bxf6 Bxf6 18. Nb5 Qc6 19. Nc3 a6 20. Qd2 Rad8 21.
Rad1 Bg7 22. Bf1 f5 23. Ne2 Kh8 24. c3 Qc7 25. f4 h6 26. fxe5 Kh7 27. Nd4 Bxe5
28. Nf3 Bf4 29. Qc2 Rxe1 30. Rxe1 d4 31. Qe2 Be4 32. Nxd4 Re8 33. Nf3 Bc6 34.
Qxa6 Rxe1 35. Nxe1 Bxh2 36. Qc4 Bg3 37. Nf3 Qd7 38. Nd4 Bd5 39. Qd3 f4 40. Nf3
Qe6 41. Qd4 1/2-1/2

[Event "?"]
[Site "?"]
[Date "2016.08.14"]
[Round "5.25"]
[White "Liebsch, Felix"]
[Black "Krohn, Malte Till"]
[Result "1/2-1/2"]
[WhiteElo "1808"]
[BlackElo "1831"]
[PlyCount "109"]
[EventDate "2016.??.??"]
[WhiteTeam "SC Bayer Leverkusen"]
[BlackTeam "PTSVAachen"]

1. e4 c6 2. d4 d5 3. exd5 cxd5 4. Bd3 Nc6 5. c3 Nf6 6. Bf4 Bg4 7. Qb3 Qc8 8.
Nd2 e6 9. Ngf3 Bh5 10. O-O Be7 11. Rfe1 O-O 12. a4 Na5 13. Qc2 Bg6 14. Ne5 Bxd3
15. Qxd3 a6 16. h3 Bd6 17. Rac1 Qc7 18. b4 Nc6 19. a5 b6 20. axb6 Qxb6 21. Nd7
Nxd7 22. Bxd6 Rfc8 23. Bf4 Na7 24. Qg3 Nf6 25. Be5 Ne8 26. Nb3 Nc6 27. Bf4 a5
28. Nxa5 Nxa5 29. bxa5 Qxa5 30. Re5 Rc4 31. Rg5 g6 32. Bd2 Qa2 33. Qf4 Qb2 34.
Rg3 Nf6 35. Rf3 Rf8 36. Be3 Ne4 37. Qe5 Qb8 38. Bf4 Qxe5 39. Bxe5 Rfc8 40. Ra1
Rxc3 41. Rxc3 Nxc3 42. Kh2 Nb5 43. Rb1 Na7 44. Rb7 Nc6 45. Bf6 Kf8 46. g4 Na5
47. Ra7 Nc4 48. Kg3 Nd6 49. f3 Ne8 50. Be7+ Kg7 51. g5 Kg8 52. Bc5 Ng7 53. Kf4
Nf5 54. Ke5 Kg7 55. Kf4 1/2-1/2

[Event "?"]
[Site "?"]
[Date "2016.08.14"]
[Round "5.26"]
[White "Stuch, Hans-Ferdinand"]
[Black "Runte, Dirk"]
[Result "0-1"]
[WhiteElo "1773"]
[BlackElo "1758"]
[PlyCount "92"]
[EventDate "2016.??.??"]
[WhiteTeam "SC Bonn Beuel"]
[BlackTeam "Fideler Bauer Leverkusen"]

1. e4 c5 2. Nc3 Nc6 3. f4 g6 4. Nf3 Bg7 5. Bb5 e6 6. Bxc6 bxc6 7. d3 Ne7 8. O-O
d6 9. Qe1 Ba6 10. f5 gxf5 11. Ng5 h6 12. exf5 Bd4+ 13. Kh1 hxg5 14. Bxg5 Qd7
15. Ne4 O-O-O 16. fxe6 Qxe6 17. Bf6 Bxf6 18. Rxf6 Qd5 19. Qa5 Kb7 20. Re1 Nc8
21. Ng5 Rd7 22. Nf3 Re7 23. Rxe7+ Nxe7 24. Qc3 Rh7 25. Qe1 Ng6 26. Qe8 Ne5 27.
Qe7+ Kb6 28. Rxd6 Nxf3 29. Qd8+ Kb5 30. c4+ Ka4 31. b3+ Ka3 32. h3 Qg5 33. Qxg5
Nxg5 34. Rxc6 Bb7 35. Rxc5 f6 36. Ra5+ Kb4 37. Ra4+ Kc3 38. Kg1 Kxd3 39. Rxa7
Ke3 40. c5 Rd7 41. Kh2 Ne6 42. b4 Rg7 43. g3 Kf2 44. g4 Nd4 45. h4 Rxg4 46. Kh3
Rg3+ 0-1

[Event "?"]
[Site "?"]
[Date "2016.08.14"]
[Round "5.27"]
[White "Karwatzki, Hans-Jürgen"]
[Black "Rudolph, Eva"]
[Result "1-0"]
[WhiteElo "1664"]
[BlackElo "1566"]
[PlyCount "55"]
[EventDate "2016.??.??"]
[WhiteTeam "SF Stadtverwaltung Bonn"]
[BlackTeam "Düsseldorfer SK"]

1. e4 e5 2. Nf3 Nf6 3. Nc3 Bb4 4. d3 d5 5. Bd2 Bxc3 6. Bxc3 d4 7. Bb4 Nbd7 8.
Qd2 c5 9. Ba3 O-O 10. h4 b5 11. b3 Re8 12. Be2 Qc7 13. h5 Nb6 14. Nh4 c4 15.
O-O c3 16. Qg5 Qc6 17. f4 Nfd7 18. fxe5 Nxe5 19. Nf5 Bxf5 20. Rxf5 Qe6 21. Raf1
Kh8 22. Qf4 Rac8 23. h6 Qxh6 24. Qxh6 gxh6 25. Bh5 Nc6 26. Rxf7 b4 27. Bc1 Re7
28. Bxh6 1-0